00621cam a22002171 4500001001300000003000400013005001700017008004100034010001700075025001900092035002000111040002300131042001200154050001800166110005100184245006100235260002200296300003000318651003800348999001700386sa 66001542 DLC20260227112223.0861118s1965 ii b 000 0 eng  asa 66001542  aPL480:I-E-5323 a(OCoLC)14763354 aDLCcWaUdWaUdDLC apremarc00aHC437.M3bN252 aNational Council of Applied Economic Research.10aIndustrial programmes for the fourth plan, Madras State. aNew Delhic[1965] axi, 360 p.bmaps.c24 cm. 0aChennai (India)xEconomic policy. c67861d67861